The fall of the Athenian Empire /

Bibliographic Details
Main Author: Kagan, Donald
Format: Book
Language:English
Published: Ithaca, N.Y. : Cornell University Press, 1987.
Subjects:

MARC

Tag First Indicator Second Indicator Subfields
LEADER 00000cam a22000008a 4500
001 in00000007807
005 20151002070030.0
008 861230s1987 nyub b 00110 eng
010 |a  86032946  
020 |a 0801419352 (alk. paper) 
035 |a (OCoLC)15084746 
035 |9 AAA0137AM 
040 |a DLC  |c DLC  |d m/c  |d TXA  |d UtOrBLW 
043 |a e-gr--- 
050 0 0 |a DF229.37  |b .K34 1987 
082 0 |a 938/.05  |2 19 
100 1 |a Kagan, Donald. 
245 1 4 |a The fall of the Athenian Empire /  |c Donald Kagan. 
263 |a 8708 
264 1 |a Ithaca, N.Y. :  |b Cornell University Press,  |c 1987. 
300 |a xviii, 455 pages :  |b maps. 
336 |a text  |b txt  |2 rdacontent 
337 |a unmediated  |b n  |2 rdamedia 
338 |a volume  |b nc  |2 rdacarrier 
504 |a Bibliography: pages 427-432. 
500 |a Includes indexes. 
651 0 |a Greece  |x History  |y Peloponnesian War, 431-404 B.C. 
651 0 |a Athens (Greece)  |x History. 
999 |a MARS 
999 f f |s e3f53932-557e-3e47-96aa-698c8bfc8e63  |i b8fd3493-1d85-382d-9946-c0b951b2f6d8  |t 0 
952 f f |p normal  |a Texas A&M University  |b College Station  |c Sterling C. Evans Library  |d Evans: Library Stacks  |t 0  |e DF229.37 .K34 1987  |h Library of Congress classification  |i unmediated -- volume  |m A14812563540 
998 f f |a DF229.37 .K34 1987  |t 0  |l Evans: Library Stacks